000 00977cab a22002055a 4500
001 L143107
008 080408s2008 xxko f 000 0 eng d
035 _a(Sirsi) u143107
041 0 _aeng
100 1 _aScott, Mike
245 0 4 _aThe heat is on
260 _c2008
490 0 _aRICS Business
_vMarch 2008, 14-17(4)
520 _aDiscusses issues surrounding government plans to make all new homes zero-carbon by 2016. Outlines Levels one to six of the Code for Sustainable Homes and looks at how developers are responding to the challenges of the code. Key concerns relate to the additional cost of sustainable homes, the lack of industry skills to cope with energy efficient technologies, the speed at which the zero carbon targets must be met, and moving from Level four to Level six of the code.
590 _aKA
650 2 4 _aDCLG CODE FOR SUSTAINABLE HOMES
651 4 _aUnited Kingdom
_y
690 _aBUILT ENVIRONMENT-SUSTAINABLE CONSTRUCTION
942 _n0
999 _c80065
_d80065